Importancia de los dibujos infantiles para las relaciones médico-enfermo
Guardado en:
| Autor principal: | |
|---|---|
| Formato: | Libro |
| Lenguaje: | español |
| Publicado: |
Roma
Sandoz
1964
|
| Colección: | Psicopatología de la Expresión, 4
|
| Materias: | |
| Etiquetas: |
Agregar Etiqueta
Sin Etiquetas, Sea el primero en etiquetar este registro!
|
MARC
| LEADER | 00000nam a2200000 a 4500 | ||
|---|---|---|---|
| 001 | UCW5428 | ||
| 003 | CL-VaPUC | ||
| 008 | 910418e19640000IT |||||||||||||||||spa|d | ||
| 082 | 0 | 4 | |a 157 |b TRA |2 21 |
| 100 | 0 | |a Traversa, Carlo |e author |9 310407 | |
| 245 | 1 | 0 | |a Importancia de los dibujos infantiles para las relaciones médico-enfermo |
| 300 | |a pág. irreg | ||
| 942 | |c BK | ||
| 945 | |d 19910418 00:00:00 | ||
| 260 | |a Roma |b Sandoz |c 1964 | ||
| 650 | 7 | |a PSICOPATOLOGIA INFANTIL |2 CL-VaPUC |9 307474 | |
| 650 | 0 | |a Psicología aplicada |9 270762 | |
| 650 | 7 | |a DIBUJOS INFANTILES |2 CL-VaPUC |9 310408 | |
| 650 | 0 | |a Aspectos psicológicos |9 258128 | |
| 583 | |a last modification |c 20130102 10:00:27 |k Rodrigo Vera | ||
| 490 | 0 | |a Psicopatología de la Expresión, 4 | |
| 999 | |c 218869 |d 218867 | ||
| 952 | |0 0 |1 0 |4 0 |6 157_000000000000000_TRA_1964 |7 0 |8 P |9 209115 |a BIBEDU |b BIBEDU |c BIBEDU_PB |d 2019-11-15 |i 2769166 |o 157 TRA 1964 |p 2769166 |r 2024-01-25 |w 2019-11-15 |y BK |k EDU | ||